| 000 | 01500cam a2200385 a 4500 | ||
|---|---|---|---|
| 001 | EDZ0000063673 | ||
| 003 | StDuBDS | ||
| 005 | 20161031105144.0 | ||
| 006 | m||||||||d|||||||| | ||
| 007 | cr ||||||||||| | ||
| 008 | 120319s2004 caua fo| 001|0|eng d | ||
| 020 |
_a9781452233581 (ebook) : _cNo price |
||
| 040 |
_aStDuBDS _beng _cStDuBDS _epn |
||
| 049 | _aAlfaisal Main Library | ||
| 050 | 0 |
_aHQ799.7 _b.L467 2004 |
|
| 082 | 0 | 4 |
_a305.2350973 _223 |
| 100 | 1 | _aLerner, Richard M. | |
| 245 | 1 | 0 |
_aLiberty _h[electronic resource] : _bthriving and civic engagement among America's youth / _cRichard M. Lerner. |
| 260 |
_aThousand Oaks, Calif. ; _aLondon : _bSAGE, _cc2004. |
||
| 300 |
_a1 online resource (xxi, 203 p.) : _bill. |
||
| 504 | _aIncludes bibliographical references and indexes. | ||
| 520 | 8 | _a'Liberty' showcases an original synthesis of ideas by an internationally recognized scholar in applied developmental science & the promotion of positive youth development. | |
| 521 | _aSpecialized. | ||
| 588 | _aDescription based on print version record. | ||
| 650 | 0 |
_aYouth _zUnited States. |
|
| 650 | 0 |
_aSocial participation _zUnited States. |
|
| 650 | 0 |
_aCivil society _zUnited States. |
|
| 650 | 0 | _aLiberty. | |
| 650 | 0 | _aDevelopmental psychology. | |
| 655 | 7 |
_aElectronic books. _2local |
|
| 710 | 2 | _aSage eBooks | |
| 776 | 0 | 8 |
_iPrint version : _z9780761929840 |
| 856 | 4 | 0 | _uhttp://ezproxy.alfaisal.edu/login?url=http://sk.sagepub.com/books/liberty |
| 942 |
_2lcc _cEBOOKS |
||
| 999 |
_c480512 _d480512 |
||